Renewable energy resources (Record no. 11797)

000 -LEADER
fixed length control field 00427nam a22001697a 4500
008 - FIXED-LENGTH DATA ELEMENTS--GENERAL INFORMATION
fixed length control field 210109b ||||| |||| 00| 0 eng d
020 ## - INTERNATIONAL STANDARD BOOK NUMBER
International Standard Book Number 9780415584388
082 ## - DEWEY DECIMAL CLASSIFICATION NUMBER
Classification number 621.042
Item number TWI
100 ## - MAIN ENTRY--PERSONAL NAME
Personal name Twidell, John
245 ## - TITLE STATEMENT
Title Renewable energy resources
250 ## - EDITION STATEMENT
Edition statement 3rd Ed.
260 ## - PUBLICATION, DISTRIBUTION, ETC. (IMPRINT)
Place of publication, distribution, etc New York
Name of publisher, distributor, etc Routledge
Date of publication, distribution, etc 2015
300 ## - PHYSICAL DESCRIPTION
Extent xxxi, 784p.
650 ## - SUBJECT ADDED ENTRY--TOPICAL TERM
Topical term or geographic name as entry element Renewable energy sources
650 ## - SUBJECT ADDED ENTRY--TOPICAL TERM
Topical term or geographic name as entry element Power resources
942 ## - ADDED ENTRY ELEMENTS (KOHA)
Item type Book Bank

No items available.

Copyright © 2021 Indian Maritime University, Mumbai Port Campus. All Rights Reserved. Managed & Maintained by Central Library, IMU-Mumbai

webs counters

Powered by Koha